Statistics for Danmarks amter

Click here to take the quiz!

General Stats

  • This quiz has been taken 43 times
  • The average score is 11 of 16

Answer Stats

Answer% Correct
Fyn
92%
Århus
88%
Københavns Amt
85%
Københavns Kommune
85%
Bornholm
81%
Sønderjylland
81%
Nordjylland
73%
Roskilde
69%
Vejle
69%
Ribe
65%
Ringkøbing
65%
Viborg
62%
Frederiksberg
54%
Vestsjælland
50%
Storstrøm
38%
Frederiksborg
31%

Score Distribution

Percentile by Number Answered

Percent of People with Each Score

Your Score History

You have not taken this quiz